000 004490000a22001810004500
003 MACL
005 20150703144516.0
008 150703b xxu||||| |||| 00| 0 eng d
040 _aMACL
_cMACL
041 _aEnglish
082 _a300/bha
100 _aBhattacharya, S K
_9465
245 _aTrends In Modern Indian Art
260 _bM D Publications Pvt. Ltd.
_c1994
_anew delhi
350 _a400
650 _aSociology
_919
942 _cBK
_k300
_2ddc
999 _c4590
_d4590